Welcome to the Holygrace Academy Library

Please use search bar below to get started

MY FAVOURITE RECIPES HEAVENLY DESSERTS (Record no. 5891)

MARC details
000 -LEADER
fixed length control field 00354nam a22001457a 4500
020 ## - INTERNATIONAL STANDARD BOOK NUMBER
ISBN 2043-0892
082 ## - DEWEY DECIMAL CLASSIFICATION NUMBER
Classification number 641.5
Item number DAV/M
100 ## - MAIN ENTRY--AUTHOR NAME
Personal name DAVIS, BECKY
245 ## - TITLE STATEMENT
Title MY FAVOURITE RECIPES HEAVENLY DESSERTS
260 ## - PUBLICATION, DISTRIBUTION, ETC. (IMPRINT)
Place of publication LONDON
Name of publisher EAGLEMOSS PUBLICATIONS
Year of publication 2010
300 ## - PHYSICAL DESCRIPTION
Number of Pages 95
520 ## - SUMMARY, ETC.
Summary, etc RECIPIE BOOK
650 ## - SUBJECT ADDED ENTRY--TOPICAL TERM
Topical Term FOOD AND NUTRITION
Geographic subdivision INDIA
942 ## - ADDED ENTRY ELEMENTS (KOHA)
Koha item type Books
Holdings
Withdrawn status Lost status Collection code Home library Current library Shelving location Date acquired Source of acquisition Full call number Accession Number Koha item type
    Reference Main Library Main Library SHELF 15G- FASHION,COOKING 16/12/2019 purchase 641.5 DAV/M 12376 Books